000 006130000a22001810004500
003 MACL
005 20160518121758.0
008 160518b xxu||||| |||| 00| 0 eng d
040 _aMACL
_cMACL
041 _aHindi
082 _a891.431 VIK
100 _aविक्रम,नंद किशोर
_957851
245 _aहबीब जालिब शायरी और जीवन
_cनंद किशोर विक्रम
260 _bसाहित्‍य भारती
_c2006
_aनई दिल्‍ली
350 _a175
650 _aPoetry
_957852
942 _cHIN
_k891.431/VIK/P
_2ddc
999 _c12333
_d12333